Načítá se...

IBPS(Institute of Banking Personnel Selection) CWE PO/MT-VI: common recruitment process for recruitment of Probationary Officers/Management Trainees Preliminary 2016 Model Guess papers/

Podrobná bibliografie
Hlavní autoři: Deepmala Tyagi, Sonia Dhodi
Médium: Printed Book
Vydáno: Newdelhi: Source Books, 2016.
Témata:
LEADER 00866nam a22001937a 4500
020 |a 9789386105028 
082 |a 030  |b DEE/I 
100 |a Deepmala Tyagi  |9 173929 
100 |a Sonia Dhodi  |9 173930 
245 |a IBPS(Institute of Banking Personnel Selection) CWE PO/MT-VI:  |b common recruitment process for recruitment of Probationary Officers/Management Trainees Preliminary 2016 Model Guess papers/  |c by Deepmala Tyagi and Sonia Dhodi 
260 |a Newdelhi:  |b Source Books,  |c 2016. 
300 |a 264p. 
650 |a Bank Probationary Officers Exam  |9 173931 
650 |a Banking Personal Selection Exam  |9 173932 
650 |a Management Trainees Exam  |9 173933 
650 |a Competition Exam  |9 173934 
942 |c BK 
999 |c 142549  |d 142549 
952 |0 0  |1 0  |4 0  |6 030_000000000000000_DEE_I  |7 0  |9 98731  |a SSUS  |b SSUS  |c STACKS  |d 2019-08-17  |g 225.00  |o 030 DEE/I  |p 095913  |r 2019-08-17  |w 2019-08-17  |y BK